Retrospektíva privatizácie

Scenár ekonomickej reformy vypracovaný vládou ČSFR v roku 1990 po zrútení socialistického systému. Vstup do transformácie. Priebeh malej privatizácie. Veľká privatizácia. Kupónová privatizácia. Metódy oceňovania privatizovaného majetku. Výsledky prvej etapy privatizácie.

Guardado en:
Detalles Bibliográficos
Autor principal: Baránik, Michal
Formato: Capítulo de libro
Lenguaje:eslovaco
Materias:
Etiquetas: Agregar Etiqueta
Sin Etiquetas, Sea el primero en etiquetar este registro!

MARC

LEADER 00000naa a2200000 4500
001 r037337
005 20230606075129.9
041 0 |a slo 
044 |a SK 
245 1 0 |a Retrospektíva privatizácie  |c Michal Baránik 
520 |a Scenár ekonomickej reformy vypracovaný vládou ČSFR v roku 1990 po zrútení socialistického systému. Vstup do transformácie. Priebeh malej privatizácie. Veľká privatizácia. Kupónová privatizácia. Metódy oceňovania privatizovaného majetku. Výsledky prvej etapy privatizácie. 
610 2 0 |a privatizácia 
610 2 0 |a privatizácia kupónová 
610 2 0 |a hospodárstvo socialistické 
610 2 0 |a hospodárstvo trhové 
610 2 0 |a transformácia 
610 2 0 |a história 
610 2 0 |a oceňovanie 
610 2 0 |a Slovensko 
100 1 |a Baránik, Michal